000
00346nam a2200157Ia 4500
008
210210b xxu||||| |||| 00| 0 eng d
041
_a
eng
082
_a
874/15
100
_a
GEORGE (K M)
245
_a
Prabandha chandrika
260
_a
_b
-
_c
650
_a
Prabandha
650
_a
chandrika
690
_a
Malayalam Criticism
906
_a
002607
999
_c
124577
_d
124577